Statistics for Guess the Country by Satellite

Click here to take the quiz!

General Stats

  • This quiz has been taken 44 times
  • The average score is 13 of 15

Answer Stats

Answer% Correct
United Kingdom
100%
Cuba
98%
Egypt
98%
Sweden
98%
Cyprus
95%
Iran
93%
Peru
93%
Malta
85%
Trinidad and Tobago
83%
Bangladesh
80%
Israel
80%
Fiji
78%
Estonia
71%
Azerbaijan
56%
Guinea-Bissau
56%

Score Distribution

Percentile by Number Answered

Percent of People with Each Score

Your Score History

You have not taken this quiz